000 00642cai a22001815a 4500
001 L148034
008 090715u xxk g 000 0 eng d
035 _a(Sirsi) u148034
041 0 _aeng
110 2 _aGuardian Property Services
_95772
245 0 0 _aThinkproperty.com
_h[electronic resource]
520 _aProvides resources to buy, sell, let or rent properties in the United Kingdom and worldwide. Includes property news and advice on mortgage.
590 _aKA
651 4 _aInternational
690 _aPROPERTY-PROPERTY MARKET
856 4 0 _uhttps://www.thinkproperty.com/
_zView the website at www.thinkproperty.com/...
942 _n0
999 _c120813
_d120813